Germany Biggest Cities A-Z - Statistics

General Stats
  • This quiz has been taken 37 times
    36 since last reset
  • The average score is 15 of 25
Answer Stats
Letter Population City % Correct
B 3,584,240 Berlin
97%
H 1,788,890 Hamburg
97%
M 1,596,050 Munich
97%
F 732,688 Frankfurt am Main
94%
D 644,190 Duesseldorf
92%
E 580,921 Essen
89%
S 637,629 Stuttgart
89%
K 963,395 Koeln
86%
L 610,953 Leipzig
81%
A 286,374 Augsburg
69%
N 499,237 Nuernberg
67%
U 122,636 Ulm
58%
C 248,645 Chemnitz
56%
G 260,368 Gelsenkirchen
56%
I 132,438 Ingolstadt
56%
P 167,745 Potsdam
56%
R 206,011 Rostock
56%
J 109,527 Jena
53%
W 348,295 Wuppertal
50%
T 114,914 Trier
33%
O 210,934 Oberhausen
28%
Z 98,796 Zwickau
19%
X 21,587 Xanten
17%
Q 22,814 Quedlinburg
11%
V 87,669 Velbert
0%
No matching quizzes found
Score Distribution
Percent of People with Each Score
Percentile by Number Answered
Your Score History
You have not taken this quiz since the last reset